<?xml version="1.0" encoding="UTF-8"?>
<record
    xmlns:xsi="http://www.w3.org/2001/XMLSchema-instance"
    xsi:schemaLocation="http://www.loc.gov/MARC21/slim http://www.loc.gov/standards/marcxml/schema/MARC21slim.xsd"
    xmlns="http://www.loc.gov/MARC21/slim">

  <leader>01978nam a22003017a 4500</leader>
  <datafield tag="999" ind1=" " ind2=" ">
    <subfield code="c">21820</subfield>
    <subfield code="d">21820</subfield>
  </datafield>
  <controlfield tag="003">AR-CdUCM</controlfield>
  <controlfield tag="008">190425b           ||||| |||| 00| 0 spa d</controlfield>
  <datafield tag="040" ind1=" " ind2=" ">
    <subfield code="a">MUNICIPALIDAD PROVINCIAL DEL CUSCO</subfield>
    <subfield code="c">BIBLIOTECA MUNICIPAL DEL CUSCO</subfield>
  </datafield>
  <datafield tag="082" ind1=" " ind2=" ">
    <subfield code="a">Rev.Allp/N&#xB0;23/1984</subfield>
  </datafield>
  <datafield tag="110" ind1=" " ind2=" ">
    <subfield code="a">Instituto de Pastoral Andina</subfield>
    <subfield code="9">12766</subfield>
  </datafield>
  <datafield tag="245" ind1=" " ind2=" ">
    <subfield code="a">Allpanchis Phuturinqa :</subfield>
    <subfield code="b">Revista Anual /</subfield>
  </datafield>
  <datafield tag="260" ind1=" " ind2=" ">
    <subfield code="a">Cusco :</subfield>
    <subfield code="b">Centro Bartolom&#xE9; de Las Casas,</subfield>
    <subfield code="c">1984.</subfield>
  </datafield>
  <datafield tag="300" ind1=" " ind2=" ">
    <subfield code="a">184 p&#xE1;ginas. :</subfield>
    <subfield code="b">ilustraciones ;</subfield>
    <subfield code="c">20 cm.</subfield>
  </datafield>
  <datafield tag="440" ind1=" " ind2=" ">
    <subfield code="a">Revista del Instituto de Pastoral Andina Cusco</subfield>
    <subfield code="n">A&#xF1;o XIV, 1984,N&#xB0;23.Vol. XX.</subfield>
    <subfield code="9">46245</subfield>
  </datafield>
  <datafield tag="505" ind1=" " ind2=" ">
    <subfield code="a">Contenido: Esquema para un programa de desarrollo campesino en la sierra del Per&#xFA;. Adolfo Figueroa. -- Propuesta de un programa de sustituci&#xF3;n de trigo importado. Javier Tantalean. -- Notas sobre la modernizaci&#xF3;n de la artesan&#xED;a en Am&#xE9;rica Latina. Mirko Lauer. --  Ciclos productivos y regi&#xF3;n en el Per&#xFA; 1971-1981. Javier Igui&#xF1;iz E. -- Aspecto gen&#xE9;tico de la tecnolog&#xED;a agr&#xED;cola andina. Oscar Blanco Gald&#xF3;s. -- La explotaci&#xF3;n ganadera en las comunidades campesinas, Marco A. Sotomayor B. -- Econom&#xED;a campesina y espacios de control desde el estudio de las ferias de una regi&#xF3;n. Equipo CCaijo. -- Mito de Inkari Qollari cuatro narraciones. Thomas M&#xFC;ller. -- Moche mito rito y actualidad. Anne Marie Hocquenghem. -- Cosmovisi&#xF3;n y celebraciones del mundo andino. Thomas y Gelga Muller. -- Procesos por supersticiones en la provincia de Cajamarca en la segunda mitad del siglo XVIII. Jos&#xE9; Dammert B.</subfield>
  </datafield>
  <datafield tag="650" ind1=" " ind2=" ">
    <subfield code="a">Comunidades campesinas</subfield>
    <subfield code="9">2214</subfield>
  </datafield>
  <datafield tag="650" ind1=" " ind2=" ">
    <subfield code="a">Econom&#xED;a campesina</subfield>
    <subfield code="9">2215</subfield>
  </datafield>
  <datafield tag="650" ind1=" " ind2=" ">
    <subfield code="a">Mito Inkarri</subfield>
    <subfield code="9">46246</subfield>
  </datafield>
  <datafield tag="650" ind1=" " ind2=" ">
    <subfield code="a">Desarrollo rural</subfield>
    <subfield code="9">4384</subfield>
  </datafield>
  <datafield tag="700" ind1=" " ind2=" ">
    <subfield code="a">Golte Rhode, J&#xFC;rgen</subfield>
    <subfield code="9">46242</subfield>
  </datafield>
  <datafield tag="700" ind1=" " ind2=" ">
    <subfield code="a">De la Cadena, Marisol</subfield>
    <subfield code="9">46243</subfield>
  </datafield>
  <datafield tag="700" ind1=" " ind2=" ">
    <subfield code="a">Ossio Acu&#xF1;a, Juan Mart&#xED;n</subfield>
    <subfield code="9">46244</subfield>
  </datafield>
  <datafield tag="700" ind1=" " ind2=" ">
    <subfield code="a">O'Phelan Godoy, Scarlett</subfield>
    <subfield code="9">621</subfield>
  </datafield>
  <datafield tag="700" ind1=" " ind2=" ">
    <subfield code="a">Burga, Manuel</subfield>
    <subfield code="9">2836</subfield>
  </datafield>
  <datafield tag="942" ind1=" " ind2=" ">
    <subfield code="2">ddc</subfield>
    <subfield code="c">PP</subfield>
  </datafield>
  <datafield tag="945" ind1=" " ind2=" ">
    <subfield code="a">rac</subfield>
  </datafield>
  <datafield tag="952" ind1=" " ind2=" ">
    <subfield code="0">0</subfield>
    <subfield code="2">ddc</subfield>
    <subfield code="4">0</subfield>
    <subfield code="7">0</subfield>
    <subfield code="a">HEM</subfield>
    <subfield code="b">HEM</subfield>
    <subfield code="c">CART</subfield>
    <subfield code="d">2021-08-18</subfield>
    <subfield code="g">10.00</subfield>
    <subfield code="o">Rev.Allp/N&#xB0;23/1984</subfield>
    <subfield code="p">REVC000293</subfield>
    <subfield code="r">2021-08-18</subfield>
    <subfield code="y">PP</subfield>
  </datafield>
</record>
